Municipalities of Belize with a Map - Statistics

General Stats
  • This quiz has been taken 92 times
  • The average score is 32 of 245
Answers on the Map
Answers color-coded by a green-red scale on the quiz's map according to % correct below.
 
Answer Stats
District Population Municipality % Correct
Belize 57,164 Belize City
81%
Cayo 13,919 Belmopan
77%
Orange Walk 13,700 Orange Walk Town
52%
Corozal 10,287 Corozal Town
42%
Belize 11,767 San Pedro
31%
Toledo 1,703 San Pedro
31%
Corozal 520 San Pedro
31%
Stann Creek 438 San Juan
25%
Orange Walk 320 San Juan
25%
Cayo 10,490 San Ignacio
21%
Stann Creek 774 Santa Cruz
21%
Toledo 387 Santa Cruz
21%
Orange Walk 260 Santa Cruz
21%
Stann Creek 9,583 Dangriga
19%
Belize 5,458 Ladyville
19%
Cayo 1,847 San Antonio
19%
Toledo 1,204 San Antonio
19%
Corozal 569 San Antonio
19%
Orange Walk 402 San Antonio
19%
Orange Walk 2,861 San José
19%
Toledo 849 San Jose
19%
Toledo 3,508 Bella Vista
17%
Stann Creek 1,610 Hopkins
17%
Belize 353 La Democracia
17%
Corozal 2,650 Little Belize
17%
Orange Walk 1,501 San Felipe
17%
Toledo 353 San Felipe
17%
Stann Creek 894 San Román
17%
Corozal 883 San Román
17%
Orange Walk 437 San Román
17%
Corozal 1,824 Sarteneja
17%
Cayo 2,253 Spanish Lookout
17%
Cayo 1,395 Armenia
15%
Cayo 6,148 Benque Viejo del Carmen
15%
Belize 183 Bermudian Landing
15%
Orange Walk 407 Blue Creek
15%
Toledo 365 Blue Creek
15%
Cayo 599 Buena Vista
15%
Corozal 494 Buena Vista
15%
Corozal 846 Calcutta
15%
Cayo 2,562 Camalote
15%
Orange Walk 1,475 Carmelita
15%
Belize 1,763 Caye Caulker
15%
Corozal 1,256 Concepción
15%
Corozal 351 Consejo
15%
Corozal 470 Copper Bank
15%
Cayo 1,573 Cotton Tree
15%
Toledo 328 Crique Sarco
15%
Belize 805 Crooked Tree
15%
Toledo 198 Dump
15%
Belize 121 Flowers Bank
15%
Belize 297 Gales Point
15%
Cayo 922 Georgeville
15%
Stann Creek 1,128 Hope Creek
15%
Stann Creek 4,014 Independence
15%
Stann Creek 80 Mango Creek
15%
Stann Creek 222 Middlesex
15%
Toledo 196 Monkey River
15%
Stann Creek 1,752 Placencia
15%
Toledo 5,351 Punta Gorda
15%
Corozal 1,049 San Andrés
15%
Toledo 374 San Isidro
15%
Corozal 1,470 San Joaquín
15%
Orange Walk 258 San Luis
15%
Orange Walk 1,129 San Pablo
15%
Toledo 250 San Pablo
15%
Toledo 290 Santa Ana
15%
Cayo 7,389 Santa Elena
15%
Toledo 200 Santa Elena
15%
Toledo 369 Santa Teresa
15%
Corozal 962 San Víctor
15%
Stann Creek 1,310 Seine Bight
15%
Stann Creek 1,092 Silk Grass
15%
Cayo 2,111 Valley of Peace
15%
Corozal 1,575 Xaibe
15%
Orange Walk 1,413 Yo Creek
15%
Stann Creek 369 Alta Vista
13%
Orange Walk 1,794 August Pine Ridge
13%
Toledo 157 Barranco
13%
Toledo 845 Big Falls
13%
Belize 127 Boston
13%
Cayo 2,124 Bullet Tree Falls
13%
Belize 2,218 Burrell Boom
13%
Corozal 1,400 Caledonia
13%
Corozal 715 Chan Chen
13%
Corozal 1,375 Chunox
13%
Toledo 209 Conejo
13%
Cayo 874 Cristo Rey
13%
Corozal 868 Cristo Rey
13%
Toledo 460 Dolores
13%
Stann Creek 473 George Town
13%
Orange Walk 3,218 Guinea Grass
13%
Belize 2,344 Hattieville
13%
Orange Walk 904 Indian Creek
13%
Toledo 722 Indian Creek
13%
Toledo 337 Jacinto/Westmoreland
13%
Toledo 769 Jalacte
13%
Corozal 1,607 Libertad
13%
Belize 3,140 Lord's Bank
13%
Corozal 880 Louisville
13%
Belize 1,063 Mahogany Heights
13%
Belize 803 Maskall
13%
Stann Creek 386 Maya Center
13%
Toledo 237 Medina Bank
13%
Cayo 775 Ontario
13%
Toledo 263 Otoxha
13%
Corozal 1,374 Patchakan
13%
Stann Creek 1,730 Pomona
13%
Corozal 1,356 Progresso
13%
Corozal 1,340 Ranchito
13%
Stann Creek 1,201 Red Bank
13%
Stann Creek 567 Riversdale
13%
Cayo 1,974 Roaring Creek
13%
Belize 154 Rock Stone Pond
13%
Orange Walk 404 San Lorenzo
13%
Toledo 121 San Lucas
13%
Toledo 622 San Marcos
13%
Cayo 142 San Marcos
13%
Toledo 537 San Miguel
13%
Corozal 2,423 San Narciso
13%
Corozal 862 Santa Clara
13%
Stann Creek 542 Santa Rosa
13%
Cayo 64 Santa Rosa
13%
Cayo 482 Seven Miles
13%
Orange Walk 3,345 Shipyard
13%
Cayo 270 Springfield
13%
Stann Creek 482 Steadfast
13%
Cayo 1,746 Teakettle
13%
Orange Walk 314 Tower Hill
13%
Orange Walk 4,264 Trial Farm
13%
Orange Walk 570 Trinidad
13%
Toledo 899 Trio
13%
Cayo 971 Unitedville
13%
Stann Creek 627 Valley Community
13%
Belize 185 Willows Bank
13%
Corozal 80 Yo Chen
13%
Toledo 369 Aguacate
10%
Corozal 210 Altamira
10%
Cayo 613 Arenal
10%
Cayo 586 Billy White
10%
Cayo 533 Blackman Eddy
10%
Toledo 466 Bladden
10%
Belize 71 Bomba
10%
Toledo 96 Boom Creek
10%
Cayo 286 Calla Creek
10%
Corozal 206 Carolina
10%
Toledo 226 Cattle Landing
10%
Cayo 205 Central farm
10%
Orange Walk 52 Chan Chich
10%
Orange Walk 445 Chan Pine Ridge
10%
Toledo 188 Corazon
10%
Belize 84 Corozalito
10%
Stann Creek 1,042 Cow Pen
10%
Belize 406 Double Head Cabbage
10%
Orange Walk 521 Douglas
10%
Cayo 1,262 Esperanza
10%
Corozal 37 Estrella
10%
Toledo 479 Forest Home
10%
Cayo 378 Franks Eddy
10%
Belize 78 Freetown Sibun
10%
Toledo 349 Golden Stream
10%
Belize 143 Isabella Bank
10%
Toledo 257 Laguna
10%
Belize 169 Lemonal
10%
Stann Creek 229 Maya Beach
10%
Stann Creek 632 Maya Mopan
10%
Stann Creek 235 Mullins River
10%
Corozal 1,008 Paraiso
10%
Toledo 432 Pueblo Viejo
10%
Belize 217 Rancho Dolores
10%
Orange Walk 138 San Carlos
10%
Belize 1,842 Sandhill
10%
Orange Walk 1,661 San Estevan
10%
Orange Walk 1,355 San José Palmar
10%
Cayo 2,322 San Jose Succotz
10%
Orange Walk 1,050 San Lázaro
10%
Cayo 1,597 Santa Familia
10%
Cayo 1,136 Santa Marta
10%
Orange Walk 600 Santa Marta
10%
Belize 104 Santana
10%
Toledo 441 San Vicente
10%
Stann Creek 525 Sarawee
10%
Cayo 1,153 St. Matthews
10%
Belize 153 St. Paul's Bank
10%
Toledo 285 Sunday Wood
10%
Orange Walk 158 Tres Leguas
10%
Toledo 265 Yemeri Grove
10%
Belize 517 Biscayne
8%
Cayo 127 Branch Mouth
8%
Toledo 223 Crique Jute
8%
Toledo 46 Crique Largo
8%
Toledo 84 Crique Trosa
8%
Orange Walk 154 Cuatro Leguas
8%
Cayo 663 Duck Run I
8%
Cayo 370 Duck Run II
8%
Cayo 400 Duck Run III
8%
Toledo 513 Elridge
8%
Orange Walk 103 Fire Burn
8%
Belize 303 Gardenia
8%
Belize 255 Gracie Rock
8%
Toledo 110 Graham Creek
8%
Toledo 95 Hicattee
8%
Toledo 363 Hicattee Southern Highway
8%
Orange Walk 37 Honey Camp
8%
Stann Creek 466 Hummingbird Community
8%
Orange Walk 267 Indian Church
8%
Orange Walk 43 Indian Hill Estate
8%
Toledo 146 Jordan
8%
Stann Creek 118 Kendall
8%
Cayo 271 La Gracia
8%
Cayo 358 Los Tambos
8%
Cayo 193 Lower Barton Creek
8%
Belize 244 Lucky Strike
8%
Toledo 205 Mabilha
8%
Toledo 149 Mafredi
8%
Toledo 244 Mango Walk
8%
Belize 50 May Pen
8%
Toledo 240 Midway
8%
Belize 69 Mile 25 Village
8%
Toledo 44 Moody Hill
8%
Cayo 154 More Tomorrow
8%
Toledo 66 Na Luum Ca
8%
Toledo 357 New Road Area
8%
Cayo 194 Paslow Falls/Plant
8%
Orange Walk 67 Petville
8%
Toledo 206 Pinehill
8%
Toledo 43 Punta Negra
8%
Orange Walk 38 Richmond Hill
8%
Cayo 187 Ringtail Village
8%
Toledo 542 San Benito Poite
8%
Cayo 83 Santa Teresita
8%
Belize 259 Scotland Halfmoon
8%
Cayo 201 Selena
8%
Toledo 476 Silver Creek
8%
Stann Creek 439 Sittee River
8%
Stann Creek 686 South Stann Creek
8%
Belize 97 St. Ann's
8%
Belize 656 St. George's Caye
8%
Toledo 257 Swasey
8%
Orange Walk 88 Sylvestre Camp
8%
Toledo 63 Tambran
8%
Cayo 380 Upper Barton Creek
8%
Belize 1,258 Western Paradise/West Lake/8 Miles
8%
Toledo 56 Wilson Road
8%
Cayo 131 Yalbac
8%
No matching quizzes found
Score Distribution
Percent of People with Each Score
Percentile by Number Answered
Your Score History
You have not taken this quiz